The Commissioning of Electrical Plant (Record no. 10400)

MARC details
000 -LEADER
fixed length control field 00372nam a2200145Ia 4500
008 - FIXED-LENGTH DATA ELEMENTS--GENERAL INFORMATION
fixed length control field 221030s9999 xx 000 0 und d
041 ## - LANGUAGE CODE
Language code of text/sound track or separate title
082 ## - DEWEY DECIMAL CLASSIFICATION NUMBER
Classification number 105.23
100 ## - MAIN ENTRY--AUTHOR NAME
Personal name R. C. H. Richardson
245 #4 - TITLE STATEMENT
Title The Commissioning of Electrical Plant
Statement of responsibility, etc by R. C. H. Richardson
260 ## - PUBLICATION, DISTRIBUTION, ETC. (IMPRINT)
Name of publisher Asia Pub House
Place of publication Mumbai
Year of publication 1962
300 ## - PHYSICAL DESCRIPTION
Number of Pages 452
650 ## - SUBJECT ADDED ENTRY--TOPICAL TERM
Topical Term EE
942 ## - ADDED ENTRY ELEMENTS (KOHA)
Koha item type Books
Holdings
Accession Number Full call number Price effective from Koha item type Withdrawn / writtenoff status Materials specified (bound volume or other part) Damaged status Not for loan Permanent Location Current Location Shelving location Date acquired Lost/ Missing status department
BE 12558 105.23 10/30/2022 Books   Print     MIET Library, Jammu MIET Library, Jammu BL-Academic Block B, FL-2, CUP-161, SH-5, R-5 05/29/2012   BE